00864nam a22002417a 450000500170000001000150001702000260003203500140005803700090007208200080008110000250008924500780011425000060019226000340019827000760023230000200030850000370032870000320036570000320039794200220042999900190045195201520047020250718154101.0 aENG-146042 c375.00a9788198111135 aEN-129574 bDBAD a882 aPinto, Xavier983101 aWorkbook on Julius Caesar/cXavier Pinto; Pamela Pinto [and] Avanti Nisha a1 aNew DelhibMorning Starc2025 a4626/18, Ansari Road, Darya GanjbNew Delhie110002k23244660l23246113 a256p.c24cm(pb) aAs per the latest ICSE Syllabus  aPamela PintoeAuthor983099 aAvanti NishaeAuthor983100 2ddccENh882mPIN c212443d212443 001040708NFICaAVbAVd2025-07-18eDelivery of Books Act Divisiong375.00l0o882 PINpEN-129574r2025-07-18 00:00:00t1v375.00w2025-07-18yEN